[Event "ROM-ch U14 Girls"]
[Site "Calimanesti"]
[Date "2014.04.13"]
[Round "9"]
[White "Voinescu, Malina Oana"]
[Black "Radu, Mihaela Delia"]
[Result "1-0"]
[WhiteElo "1268"]
[BlackElo "1338"]
[PlyCount "39"]
[EventDate "2014.04.06"]
[EventType "swiss"]
[EventRounds "9"]
[EventCountry "ROU"]
[SourceTitle "CBM 160 Extra"]
[Source "ChessBase"]
[SourceDate "2014.07.01"]
[SourceVersion "1"]
[SourceVersionDate "2014.07.01"]
[SourceQuality "1"]

1. e4 e5 2. Nf3 Nc6 3. d4 exd4 4. Nxd4 Bc5 5. Nxc6 bxc6 6. Nc3 Bb7 7. Bc4 Bb4 8. Bd2 d5 9. exd5 cxd5 10. Nxd5 Bxd5 11. Bxd5 Qxd5 12. Bxb4 Qxg2 13. Qe2+ Kd8 14. 0-0-0+ Kc8 15. Qa6+ Qb7 16. Rd8+ Kxd8 17. Qxb7 Rc8 18. Rd1+ Ke8 19. Qe4+ Ne7 20. Qxe7# 1-0

[Event "ROM-ch U14 Girls"]
[Site "Calimanesti"]
[Date "2014.04.12"]
[Round "8"]
[White "Szijarto, Andreea Irene"]
[Black "Voinescu, Malina Oana"]
[Result "1-0"]
[WhiteElo "1454"]
[BlackElo "1268"]
[PlyCount "47"]
[EventDate "2014.04.06"]
[EventType "swiss"]
[EventRounds "9"]
[EventCountry "ROU"]
[SourceTitle "CBM 160 Extra"]
[Source "ChessBase"]
[SourceDate "2014.07.01"]
[SourceVersion "1"]
[SourceVersionDate "2014.07.01"]
[SourceQuality "1"]

1. e4 c5 2. Nf3 Nc6 3. d4 cxd4 4. Nxd4 Nf6 5. Nc3 d6 6. Bb5 Bd7 7. Be3 g6 8. h3 Bg7 9. Qd2 0-0 10. 0-0 Re8 11. f4 e6 12. f5 exf5 13. exf5 Qe7 14. Rae1 Ne4 15. Nxe4 Qxe4 16. f6 Bf8 17. Nxc6 Bxc6 18. Bxc6 Qxc6 19. Bh6 Qc5+ 20. Kh1 Qh5 21. Bxf8 Kxf8 22. Qxd6+ Kg8 23. Re7 Rad8 24. Rfe1 1-0

[Event "ROM-ch U14 Girls"]
[Site "Calimanesti"]
[Date "2014.04.10"]
[Round "6"]
[White "Craciun, Bianca"]
[Black "Voinescu, Malina Oana"]
[Result "1/2-1/2"]
[WhiteElo "1597"]
[BlackElo "1268"]
[PlyCount "108"]
[EventDate "2014.04.06"]
[EventType "swiss"]
[EventRounds "9"]
[EventCountry "ROU"]
[SourceTitle "CBM 160 Extra"]
[Source "ChessBase"]
[SourceDate "2014.07.01"]
[SourceVersion "1"]
[SourceVersionDate "2014.07.01"]
[SourceQuality "1"]

1. c4 e5 2. Nc3 Nf6 3. d3 Bb4 4. Bd2 Bxc3 5. Bxc3 Nc6 6. Nf3 d6 7. g3 0-0 8. Bg2 Be6 9. 0-0 Qd7 10. Ng5 h6 11. Nxe6 Qxe6 12. a3 a5 13. Qc2 d5 14. Qb3 dxc4 15. Qxc4 Rfe8 16. Rfe1 Qxc4 17. dxc4 Nd7 18. Rad1 Nb6 19. b3 f6 20. c5 Nc8 21. Bxc6 bxc6 22. Rd7 a4 23. Bb4 Ne7 24. e4 axb3 25. Rb1 Ra7 26. Rxb3 Kh7 27. h4 g5 28. h5 Kg7 29. Rbd3 Kf7 30. Kf1 Ke6 31. Ke2 f5 32. f3 f4 33. g4 Kf6 34. Kd1 Ke6 35. Kc2 Kf6 36. Kb3 Rea8 37. Kb2 Ke6 38. Ka2 Kf6 39. Bd2 Ke6 40. Bb4 Kf6 41. Kb3 Kf7 42. Ka2 Ke6 43. Bd2 Kf6 44. Rd8 Kf7 45. R8d7 Ke6 46. Bb4 Kf6 47. Kb3 Ke6 48. Kc4 Kf6 49. Kb3 Ke6 50. Ka2 Kf6 51. Bd2 Ke6 52. Bb4 Kf6 53. Kb3 Ke6 54. Ka2 Kf6 1/2-1/2

[Event "ROM-ch U14 Girls"]
[Site "Calimanesti"]
[Date "2014.04.09"]
[Round "5"]
[White "Voinescu, Malina Oana"]
[Black "Secrieru, Maria Georgiana"]
[Result "1-0"]
[WhiteElo "1268"]
[BlackElo "1134"]
[PlyCount "145"]
[EventDate "2014.04.06"]
[EventType "swiss"]
[EventRounds "9"]
[EventCountry "ROU"]
[SourceTitle "CBM 160 Extra"]
[Source "ChessBase"]
[SourceDate "2014.07.01"]
[SourceVersion "1"]
[SourceVersionDate "2014.07.01"]
[SourceQuality "1"]

1. e4 e5 2. Nf3 Nc6 3. d4 exd4 4. Nxd4 Nxd4 5. Qxd4 d6 6. Nc3 Be6 7. Bd3 h6 8. 0-0 Nf6 9. Bf4 Be7 10. Rad1 0-0 11. e5 dxe5 12. Qxe5 Bd6 13. Qd4 Bxf4 14. Qxf4 Qe7 15. Rfe1 Rad8 16. Nb5 a6 17. Nxc7 Rd6 18. Nxe6 Rxe6 19. Re3 Rxe3 20. Qxe3 Qxe3 21. fxe3 Re8 22. Re1 Ne4 23. c4 Nc5 24. Bc2 Ne4 25. Bxe4 Rxe4 26. b3 f6 27. Kf2 Kf7 28. Kf3 Re5 29. Rd1 Ke7 30. e4 Re6 31. Rd5 Rd6 32. Ke3 Re6 33. Kd4 Rc6 34. e5 Rc7 35. exf6+ Kxf6 36. g4 g5 37. Rf5+ Kg7 38. Rd5 Kf6 39. Rd6+ Kg7 40. Ke5 Re7+ 41. Re6 Rc7 42. Kd6 Rc6+ 43. Kd7 Rc5 44. Rb6 a5 45. Rxb7 Kf6 46. Kd6 Re5 47. c5 Re6+ 48. Kd7 Re7+ 49. Kc6 Re6+ 50. Kb5 Re5 51. Rc7 Kg6 52. Kxa5 Kf6 53. Kb6 Kg6 54. c6 Re6 55. Kb7 Kf6 56. Rc8 Re7+ 57. c7 Ke6 58. Kc6 Kf7 59. Rf8+ Kxf8 60. c8Q+ Kf7 61. Qf5+ Kg7 62. b4 Re2 63. b5 Rxa2 64. b6 Ra6 65. Qe6 Ra4 66. b7 Ra6+ 67. Kd7 Rxe6 68. Kxe6 Kg6 69. b8Q Kg7 70. Qe8 Kh7 71. Kf6 h5 72. Qg6+ Kh8 73. Qg7# 1-0

[Event "ROM-ch U14 Girls"]
[Site "Calimanesti"]
[Date "2013.04.08"]
[Round "9"]
[White "Davidescu, Miruna Gabriela"]
[Black "Voinescu, Malina Oana"]
[Result "1-0"]
[WhiteElo "1183"]
[BlackElo "1001"]
[PlyCount "69"]
[EventDate "2013.04.02"]
[EventType "swiss"]
[EventRounds "9"]
[EventCountry "ROU"]
[SourceTitle "CBM 153 Extra"]
[Source "ChessBase"]
[SourceDate "2013.04.22"]
[SourceVersion "1"]
[SourceVersionDate "2013.04.22"]
[SourceQuality "1"]

1. d4 d5 2. Nc3 Nf6 3. Bf4 Nc6 4. Nb5 Kd7 5. Nxc7 Rb8 6. Nxd5 Qa5+ 7. Nc3 Ra8 8. Nf3 e6 9. Ne5+ Ke8 10. Nxc6 bxc6 11. g3 Bb4 12. Bd2 Nd5 13. Nxd5 Bxd2+ 14. Qxd2 Qxd2+ 15. Kxd2 cxd5 16. e3 Rb8 17. b3 Ke7 18. Bd3 g6 19. Rhc1 Re8 20. c4 Bd7 21. cxd5 exd5 22. Rc7 a5 23. Ra7 Ra8 24. Rxa8 Rxa8 25. Rc1 Be6 26. Rc5 a4 27. bxa4 Rxa4 28. Rc2 h5 29. Rb2 g5 30. Bc2 Rc4 31. Rb3 f5 32. Rc3 Rb4 33. Rb3 Ra4 34. Rb7+ Kd6 35. Bxa4 1-0

[Event "ROM-ch U14 Girls"]
[Site "Calimanesti"]
[Date "2013.04.05"]
[Round "6"]
[White "Ileana, Maria"]
[Black "Voinescu, Malina Oana"]
[Result "1/2-1/2"]
[WhiteElo "1450"]
[BlackElo "1001"]
[PlyCount "126"]
[EventDate "2013.04.02"]
[EventType "swiss"]
[EventRounds "9"]
[EventCountry "ROU"]
[SourceTitle "CBM 153 Extra"]
[Source "ChessBase"]
[SourceDate "2013.04.22"]
[SourceVersion "1"]
[SourceVersionDate "2013.04.22"]
[SourceQuality "1"]

1. e4 c5 2. Nc3 Nc6 3. Nf3 Nf6 4. Bb5 d5 5. Bxc6+ bxc6 6. exd5 cxd5 7. d3 e6 8. Bg5 Be7 9. 0-0 0-0 10. Qd2 Qd6 11. Qe2 Rb8 12. Rab1 d4 13. Bxf6 Bxf6 14. Ne4 Qf4 15. Nxc5 e5 16. Ne4 Re8 17. Nxf6+ Qxf6 18. Rfe1 Bg4 19. Qe4 Bxf3 20. Qxf3 Qxf3 21. gxf3 Re6 22. b3 Rg6+ 23. Kh1 Rc8 24. Rbc1 Rg5 25. Re4 Rf5 26. Kg2 g6 27. Kg3 h5 28. f4 exf4+ 29. Rxf4 Rg5+ 30. Kf3 Rgc5 31. Rxd4 Rxc2 32. Rxc2 Rxc2 33. Ra4 Rc7 34. d4 Rd7 35. Ke4 f5+ 36. Kf4 Kf7 37. h4 Kf6 38. Ra6+ Kf7 39. Ke3 Re7+ 40. Kf3 Re4 41. Rxa7+ Kf6 42. Ra6+ Kg7 43. d5 Rxh4 44. Re6 Rd4 45. Rd6 h4 46. Rc6 Rxd5 47. Rc4 g5 48. Kg2 g4 49. Rc2 Rd3 50. b4 h3+ 51. Kh2 Rd1 52. Rb2 Kg6 53. f3 gxf3 54. Kxh3 Kg5 55. Kg3 Rf1 56. Kh2 f2 57. Kg2 Rh1 58. Rxf2 Rb1 59. a3 f4 60. Rf1 Rb3 61. Rf3 Rb2+ 62. Rf2 Rb3 63. Rf3 Rb2+ 1/2-1/2

[Event "ROM-ch U14 Girls"]
[Site "Calimanesti"]
[Date "2013.04.04"]
[Round "4"]
[White "Mihai, Ioana Maria"]
[Black "Voinescu, Malina Oana"]
[Result "1-0"]
[WhiteElo "1184"]
[BlackElo "1001"]
[PlyCount "97"]
[EventDate "2013.04.02"]
[EventType "swiss"]
[EventRounds "9"]
[EventCountry "ROU"]
[SourceTitle "CBM 153 Extra"]
[Source "ChessBase"]
[SourceDate "2013.04.22"]
[SourceVersion "1"]
[SourceVersionDate "2013.04.22"]
[SourceQuality "1"]

1. e4 c5 2. Nf3 Nc6 3. d4 cxd4 4. Nxd4 Nf6 5. Nc3 e5 6. Nf3 Bc5 7. Bb5 0-0 8. Bxc6 dxc6 9. Nxe5 Re8 10. Bf4 Qd4 11. Qxd4 Bxd4 12. Nf3 Bxc3+ 13. bxc3 Rxe4+ 14. Be3 Ng4 15. Rd1 Bf5 16. Kd2 Rd8+ 17. Ke2 Rxd1 18. Rxd1 g6 19. Rd8+ Kg7 20. Ra8 Nxe3 21. fxe3 Ra4 22. Nd4 Bg4+ 23. Kd3 f5 24. Rb8 b5 25. Rb7+ Kh6 26. Nxc6 a6 27. Nb4 a5 28. Nc6 Rxa2 29. Rxb5 a4 30. Nb4 Ra3 31. Kd4 Ra1 32. c4 Be2 33. Ra5 a3 34. c5 Bf1 35. c6 Bxg2 36. c7 Bb7 37. Ra7 Bc8 38. Ra8 Bb7 39. Rb8 a2 40. Nxa2 Ba6 41. Nb4 Rc1 42. Nxa6 Rxc2 43. c8Q Rxc8 44. Rxc8 g5 45. Rf8 Kg6 46. Nc7 h5 47. Rg8+ Kh6 48. Ke5 h4 49. Kxf5 1-0

[Event "ROM-ch U14 Girls"]
[Site "Calimanesti"]
[Date "2013.04.03"]
[Round "3"]
[White "Voinescu, Malina Oana"]
[Black "Bitica, Stefania"]
[Result "0-1"]
[WhiteElo "1001"]
[BlackElo "1417"]
[PlyCount "62"]
[EventDate "2013.04.02"]
[EventType "swiss"]
[EventRounds "9"]
[EventCountry "ROU"]
[SourceTitle "CBM 153 Extra"]
[Source "ChessBase"]
[SourceDate "2013.04.22"]
[SourceVersion "1"]
[SourceVersionDate "2013.04.22"]
[SourceQuality "1"]

1. e4 c5 2. Nc3 e6 3. d3 Nc6 4. f4 a6 5. Nf3 Nge7 6. Be2 d5 7. Be3 d4 8. Bxd4 cxd4 9. Na4 Qa5+ 10. Qd2 Qxa4 11. b3 Qb4 12. Qxb4 Nxb4 13. Nxd4 Nec6 14. Rc1 Nxd4 15. c3 Nxa2 16. Ra1 Nxc3 17. Bd1 Nxd1 18. Rxd1 Nxb3 19. 0-0 Bd6 20. e5 Bc5+ 21. Kh1 0-0 22. Rf3 Nd4 23. Rg3 b5 24. h4 a5 25. h5 b4 26. Rg4 b3 27. Rc1 Be7 28. h6 g6 29. f5 Nxf5 30. Rb1 a4 31. Rb4 Bxb4 0-1